| 000 | 00837nam a22002651i 4500 | ||
|---|---|---|---|
| 005 | 20201118162015.0 | ||
| 008 | 201118s2018 my a|||j ||| 000 1 may d | ||
| 020 |
_a9789670926438 _qpaperback |
||
| 040 |
_aPPAK _beng _cPPAK _erda |
||
| 082 | 0 | 4 |
_223 _a499.2386 |
| 090 | 0 | 0 |
_a499.2386 _bPAV _dK |
| 100 | 1 |
_aPavitra, S. _eauthor. |
|
| 245 | 1 | 0 |
_aRAHSIA BADAN BELIS / _cS. PAVITRA |
| 264 | 1 |
_aSeri Kembangan, Selangor : _bPUSTAKA GEDUNG ILMU , _c2018. |
|
| 300 |
_a30 pages : _bcolour illustration ; _c21 cm. |
||
| 336 |
_2rdacontent _atext |
||
| 337 |
_2rdamedia _aunmediated |
||
| 338 |
_2rdacarrier _avolume |
||
| 490 | 1 | _aSIRI MENGAPA HAIWAN BEGITU | |
| 650 | 1 | 0 |
_aMalay language _xReaders _vFiction. |
| 650 | 2 | 0 | _aChildren's stories, Malay. |
| 650 | 2 | 0 |
_aAnimals _vFiction. |
| 830 | 0 | _aSiri mengapa haiwan begitu | |
| 942 |
_2ddc _cB |
||
| 999 |
_c179998 _d179998 |
||